| 000 | 00569nam a2200169Ia 4500 | ||
|---|---|---|---|
| 008 | 090711s9999 xx 000 0 und d | ||
| 082 | _b60224 | ||
| 100 | _aघाणेकर प्र. के. | ||
| 245 | _aजल दुर्गाSया सहवासात | ||
| 260 | _c1987 | ||
| 300 | _a179 | ||
| 600 | _aघाणेकर प्र. के. | ||
| 630 | _aजल दुर्गाSया सहवासात | ||
| 700 | _aघाणेकर प्र. के. | ||
| 730 | _aजल दुर्गाSया सहवासात | ||
| 942 | _cBOOK | ||
| 999 |
_c296238 _d296238 |
||